00779nam a2200181 a 450000100100000000500170001000800410002704000250006808200110009324501070010426000470021130000200025859000260027871000520030495201090035695201150046599900170058000004247820201002040159.0131204s2005 dr ac 000 0 spa d aDO-SdBNPbspacBNPHU axxbxx00aCIE-10 clasificación internacional de enfermedades :bversión modificada ARS PALIC SALUD, 2005) /. a[Santo Domingo] :bARS Palic Salud,c2005. a95 p. ;c21 cm. aInventariado, 2019/VM2 aARS Palic Salud (República Dominicana)969660 0010718PDaPDbPDcHDd2013-12-04iLF1l0oxx xxp42478-10r2020-06-25w2020-06-25yLFPDZNo se presta 0011718PDaPDbPDcMId2014-02-03iLF1l0oxx xxp42478-20r2020-06-25te. 2w2020-06-25yLFPDZNo se presta c41967d41967